000 00838nam a2200265Ia 4500
003 OSt
005 20220928125017.0
006 a|||||r|||| 00| 0
007 ta
008 220927b |||||||| |||| 00| 0 eng d
020 _c6243
024 _a121039
037 _b236, 27/12/2013, Vardhman Books
_cTextual
040 _aSDCL
_cSDCL
_beng
041 _2eng
_aeng
082 _aX:81:8, Q3
100 _aCornelius Peter
_9467563
245 0 _aMastering illiquidity
_b Risk management for portfolios of limited partnership funds
260 _aChichester
_bWiley
_c2013
300 _axvi;288p
_ccm.
650 _aApplied Operation Research
700 _a Diller Christian
_9467564
942 _hX:81:8, Q3
_cTEXL
_2CC
999 _c780429
_d780429